Normal view
MARC view
- Commerce Hospital
Entry Topical Term
001 - CONTROL NUMBER
- control field: 87931
003 - CONTROL NUMBER IDENTIFIER
- control field: OSt
005 - DATE AND TIME OF LATEST TRANSACTION
- control field: 20220809075553.0
008 - FIXED-LENGTH DATA ELEMENTS
- fixed length control field: 220809|| aca||aabn | a|a d
040 ## - CATALOGING SOURCE
- Original cataloging agency: OSt
- Transcribing agency: OSt
150 ## - HEADING--TOPICAL TERM
- Topical term or geographic name entry element: Commerce Hospital
670 ## - SOURCE DATA FOUND
- Source citation: Work cat.: (OSt)48405: Jeong Kwon Young 87930, Details 01 Commerce Hospital, 2010